Statistics for AFC Champions Quiz

Click here to take the quiz!

General Stats

  • This quiz has been taken 83 times
  • The average score is 6 of 7

Answer Stats

Years since 2000 Team % Correct
2001, 2003, 2004, 2007, 2011, 2014, 2016, 2017, 2018New England Patriots
99%
2019Kansas City Chiefs
97%
2000, 2012Baltimore Ravens
86%
2013, 2015Denver Broncos
86%
2005, 2008, 2010Pittsburgh Steelers
84%
2006, 2009Indianapolis Colts
76%
2002Oakland Raiders
64%

Score Distribution

Percentile by Number Answered

Percent of People with Each Score

Your Score History

You have not taken this quiz